Pokémon by Type Combinations #5 - Statistics

General Stats
  • This quiz has been taken 108 times
  • The average score is 19 of 27
Answer Stats
Type Answer % Correct
Steel/Flying Skarmory
94%
Dark/Dragon Hydreigon
90%
Water/Fairy Azumarill
87%
Grass/Flying Tropius
85%
Ground/Ghost Golurk
82%
Grass/Flying Jumpluff
81%
Fire/Rock Magcargo
81%
Bug/Fairy Ribombee
79%
Steel/Flying Corviknight
78%
Normal/Ghost Hisuian Zoroark
76%
Water/Fairy Primarina
72%
Normal/Water Bibarel
71%
Electric/Fighting Iron Hands
69%
Electric/Fighting Pawmot
68%
Ground/Ghost Palossand
66%
Rock/Ice Hisuian Avalugg
63%
Steel/Flying Celesteela
62%
Fire/Rock Coalossal
62%
Rock/Ice Aurorus
60%
Dark/Dragon Roaring Moon
59%
Ground/Ghost Runerigus
59%
Poison/Psychic Galarian Slowking
57%
Poison/Psychic Galarian Slowbro
54%
Dark/Dragon Guzzlord
54%
Poison/Psychic Munkidori
50%
Fire/Rock Hisuian Arcanine
49%
Water/Fairy Tapu Fini
49%
No matching quizzes found
Score Distribution
Percent of People with Each Score
Percentile by Number Answered
Your Score History
You have not taken this quiz